Ordenanzas de León / (Record no. 17717)

MARC details
000 -LEADER
campo de control de longitud fija 01237nam a2200277 i 4500
001 - NÚMERO DE CONTROL
campo de control 17717
003 - IDENTIFICADOR DE NÚMERO DE CONTROL
campo de control ES-MaACL
005 - FECHA Y HORA DE LA ÚLTIMA TRANSACCIÓN
campo de control 20230906151641.0
007 - CAMPO FIJO DE DESCRIPCIÓN FÍSICA--INFORMACIÓN GENERAL
campo de control de longitud fija t|
008 - DATOS DE LONGITUD FIJA--INFORMACIÓN GENERAL
campo de control de longitud fija 010509s1996 sp ||||1| spa d
020 ## - NÚMERO INTERNACIONAL ESTÁNDAR DEL LIBRO
Número Internacional Estándar del Libro 84-7719-542-0
080 ## - NÚMERO DE LA CLASIFICACIÓN DECIMAL UNIVERSAL
Número de la Clasificación Decimal Universal 352(460.181 L.).077.6"16"
110 1# - ENTRADA PRINCIPAL--NOMBRE DE ENTIDAD CORPORATIVA
Nombre de entidad corporativa o nombre de jurisdicción como elemento de entrada León.
Unidad subordinada Regimiento.
9 (RLIN) 5495
245 10 - MENCIÓN DEL TÍTULO
Título Ordenanzas de León /
Mención de responsabilidad, etc. presentación, Antonio Viñayo González ; introducción, Laureano M. Rubio Pérez ; coordinación editorial, José Manuel Martínez Rodríguez.
260 ## - PUBLICACIÓN, DISTRIBUCIÓN, ETC.
Lugar de publicación, distribución, etc. León :
Nombre del editor, distribuidor, etc. Universidad de León, Secretariado de Publicaciones :
-- Cátedra de San Isidoro de la Real Colegiata de León,
Fecha de publicación, distribución, etc. 1996.
300 ## - DESCRIPCIÓN FÍSICA
Extensión 26 p., 217, [25] h. ;
Dimensiones 30 cm.
534 ## - NOTA SOBRE LA VERSIÓN ORIGINAL
Frase introductoria Reprod. de la ed. de:
Publicación, distribución, etc. del original León : Imprenta de Agustín Ruiz, 1669.
595 ## -
-- "Edición facsímil del ejemplar rarísimo de la Real Colegiata de San Isidoro de León"
650 ## - PUNTO DE ACCESO ADICIONAL DE MATERIA--TÉRMINO DE MATERIA
Término de materia o nombre geográfico como elemento de entrada Ordenanzas municipales-
Subdivisión geográfica León (Provincia)
9 (RLIN) 171809
700 1# - ENTRADA AGREGADA--NOMBRE PERSONAL
Nombre de persona Viñayo González, Antonio.
9 (RLIN) 115388
700 1# - ENTRADA AGREGADA--NOMBRE PERSONAL
Nombre de persona Rubio Pérez, Laureano M.
9 (RLIN) 100437
700 1# - ENTRADA AGREGADA--NOMBRE PERSONAL
Nombre de persona Martínez Rodríguez, José Manuel.
9 (RLIN) 78373
710 2# - ENTRADA AGREGADA--NOMBRE DE ENTIDAD CORPORATIVA
Nombre de entidad corporativa o nombre de jurisdicción como elemento de entrada Universidad de León.
9 (RLIN) 7200
710 2# - ENTRADA AGREGADA--NOMBRE DE ENTIDAD CORPORATIVA
Nombre de entidad corporativa o nombre de jurisdicción como elemento de entrada Real Colegiata de San Isidoro de León.
9 (RLIN) 151106
852 ## - LOCALIZACIÓN
Ubicación ES-MaACL
Número de control de estantería A-271
Holdings
Estatus retirado Estado de pérdida Estado de daño No para préstamo Biblioteca de origen Biblioteca actual Ubicación en estantería Fecha de adquisición Fuente de adquisición Total de préstamos Signatura topográfica completa Código de barras Visto por última vez Precio de reemplazo Tipo de ítem Koha
        Biblioteca del Ateneo de Madrid Biblioteca del Ateneo de Madrid Sala Pecera Planta 1 17/01/2008     A-271 1018073 23/02/2023 23/02/2023 Libro impreso